Comportamiento del consumidor: enfoque América Latina

Bewaard in:
Bibliografische gegevens
Hoofdauteur: Arellano Cueva, Rolando (Auteur)
Formaat: Boek
Taal:Spaans
Gepubliceerd in: Cuernavaca McGraw-Hill 2002
Editie:1a. ed
Onderwerpen:
Tags: Voeg label toe
Geen labels, Wees de eerste die dit record labelt!

MARC

LEADER 00000cam a2200000 a 4500
001 UCG2695
003 CL-VaPUC
008 100723e20020000MX |||||||||||||||||spa|d
020 |a 9701035275 
082 0 4 |a 658.8342  |b ARE  |2 21 
100 0 |a Arellano Cueva, Rolando  |e author  |9 551233 
245 1 0 |a Comportamiento del consumidor: enfoque América Latina 
250 |a 1a. ed 
300 |a 458 p 
942 |c BK 
945 |d 20100723 00:00:00  |a dcastane 
260 |a Cuernavaca  |b McGraw-Hill  |c 2002 
650 0 |a Consumidores  |9 315658 
650 0 |a Planificación estratégica   |9 259735 
650 0 |a Investigación de mercado  |9 332310 
650 7 |a PLANIFICACION Y CONTROL  |2 CL-VaPUC  |9 551234 
650 0 |a Gestión de la producción   |9 259467 
651 0 |a América Latina   |9 255027 
583 |a last modification  |c 20170525 11:27:47  |k Rodrigo Vera 
999 |c 341825  |d 341823